000 01187nam a2200325 a 4500
001 000114619
003 CHAP
005 20220329144450.0
008 180309s2017 mx a fsm |||||||spa d
010 _a111080
011 _a112052
040 _cCHAP
090 _aTesis
100 1 _aEspinoza Zuñiga, Pablo
_9134829
245 1 0 _aDistribución espacial del muérdago en las áreas verdes urbanas de la Ciudad de México /
_h[En línea]
_cpor Pablo Espinoza Zuñiga.
260 _aChapingo, Méx. :
_bEl autor,
_c2017.
500 _aPara ver el contenido del material haga clic en la liga
502 _aTesis (M. C. Forestales) -- UACH. División de Ciencias Forestales
590 _aBATCH-UPD
_b05
_c20180312
_lUCH01
_h1203
590 _aE8697GMM
_b05
_c20180309
_lUCH01
_h1453
590 _aE8697GMM
_b05
_c20180309
_lUCH01
_h1454
590 _aE8697GMM
_b05
_c20180312
_lUCH01
_h1202
650 1 4 _aMuérdago
_xControl.
_9129987
650 1 4 _aMuérdago
_xCrecimiento.
_9129589
650 1 4 _aMuerdago
_xDistribución espacial
_zMéxico (D.F.).
_9134830
856 _aFinding aid
_uhttp://10.13.5.2/tesis/sist114619.pdf
_zTeclea aquí
901 _aBK
942 _cTESIS
942 _n0
999 _c111080
_d111080